000
00267nam a2200121Ia 4500
008
190216s9999||||xx |||||||||||||| ||und||
100
_a
Null
245
0
_a
Hindi-Nirmik Sanyasi Swamy Ramatheerth
260
_b
Null
300
_a
272
650
_a
Hindi
942
_c
BK
999
_c
16054
_d
16054